书目信息 |
| 题名: |
高等数学(同济四版)考点精析习题全解
|
|
| 作者: | 黄光谷 主编 | |
| 分册: | ||
| 出版信息: | 北京 光明日报出版社 1999.06 |
|
| 页数: | 477页 | |
| 开本: | 20cm | |
| 丛书名: | ||
| 单 册: | ||
| 中图分类: | O13-44 | |
| 科图分类: | ||
| 主题词: | 高等数学 | |
| 电子资源: | ||
| ISBN: | 978-7-80145-136-1 | |
| 000 | 00605nam0 2200193 450 | |
| 001 | 0858356397 | |
| 005 | 20080618161617.10 | |
| 010 | @a978-7-80145-136-1@dCNY15.80 | |
| 100 | @a20080618d1999 km y0chiy0120 ea | |
| 101 | 0 | @achi |
| 102 | @aCN@b110000 | |
| 200 | 1 | @a高等数学(同济四版)考点精析习题全解@Agao deng shu xue(tong ji si ban)kao dian jing xi xi ti quan jie@f黄光谷主编@Fhuang guang gu zhu bian |
| 210 | @a北京@c光明日报出版社@d1999.06 | |
| 215 | @a477页@d20cm | |
| 606 | 0 | @a高等数学 |
| 690 | @aO13-44@v4 | |
| 701 | 0 | @a黄光谷@Ahuang guang gu@4主编 |
| 801 | 0 | @aCN@c20080618 |
| 905 | @dO13-44@eH8321 | |
| 高等数学(同济四版)考点精析习题全解/黄光谷主编.-北京:光明日报出版社,1999.06 |
| 477页;20cm |
| ISBN 978-7-80145-136-1:CNY15.80 |
| ● |
| 相关链接 |
|
|
|
正题名:高等数学(同济四版)考点精析习题全解
索取号:O13-44/H8321
 
预约/预借
| 序号 | 登录号 | 条形码 | 馆藏地/架位号 | 状态 | 备注 |
| 1 | 452863 | 204528635 | 自科库401/ [索取号:O13-44/H8321] | 在馆 |